Catálogo
 En Linea

Dos temas universitarios / (Registro nro. 20218)

Detalles MARC
000 -CABECERA
campo de control de longitud fija 00636nam a2200157 u 4500
001 - NÚMERO DE CONTROL
campo de control 000020714
005 - FECHA Y HORA DE LA ÚLTIMA TRANSACCIÓN
campo de control 20200930011141.0
008 - DATOS DE LONGITUD FIJA--INFORMACIÓN GENERAL
campo de control de longitud fija 100813s1981 dr r 001 0 spa d
040 ## - FUENTE DE LA CATALOGACIÓN
Centro catalogador/agencia de origen DO-SdBNP
Lengua de catalogación spa
Centro/agencia transcriptor BPJMD
100 1# - ENTRADA PRINCIPAL--NOMBRE DE PERSONA
Nombre de persona Viñas Román, Jaime
9 (RLIN) 35862
245 10 - MENCIÓN DE TÍTULO
Título Dos temas universitarios /
Mención de responsabilidad, etc. Jaime viña Román.
260 ## - PUBLICACIÓN, DISTRIBUCIÓN, ETC.
Lugar de publicación, distribución, etc. Santo Domingo :
Nombre del editor, distribuidor, etc. Universidad Nacional Pedro Henríquez Ureña,
Fecha de publicación, distribución, etc. 1981.
300 ## - DESCRIPCIÓN FÍSICA
Extensión 39 p. ;
Dimensiones 21 cm.
500 ## - NOTA GENERAL
Nota general Charla en el desayuno pro-recuperación de fondos de la Fundación Universitaria Dominicana
500 ## - NOTA GENERAL
Nota general Discurso en ocasión del solemne acto de investidura celebrado el 19 de noviembre de 1981

No hay ítems disponibles.

Con tecnología Koha